000 01512nam a2200301 i 4500
003 DO-SdBNP
005 20260321073645.0
007 ta
008 230523e1999 dr |||gr|||| 001 edspa d
020 _a8495119080
040 _aDO-SdBNP
_bspa
_cBNPHU
_erda
041 _aspa
082 4 _2320.97293054
_bB742d 1999
_a22
100 1 _a Bosch, Juan,
_d1909-2001
_eautor
_4aut.
_976555
245 1 0 _aDictadura con respaldo popular /
_cJuan Bosch.
250 _aquinta edición
264 1 _aSanto Domingo :
_bAlfa & Omega,
_c1999.
300 _a229 paginas ;
_c19 cm.
336 _atexto
_btxt
_2rdacontent
337 _asin medición
_bn
_2rdamedia
338 _avolumen
_bnc
_2rdacarrier
505 _aContextualización y vigencia de un texto --
_tEl próximo paso : dictadura con respaldo popular. --
_tOligarquía, burguesía y pequeña burguesía. --
_tOligarquía y antitrujillismo. --
_tNecedades acerca de la burguesía nacional. --
_t¿Dictadura del proletariado?, no : dictadura con respaldo popular. --
_tEl papel de la débil burguesía nacional en el regimen de la dictadura con respaldo popular. --
_tSicología de las clase en la República Dominicana. --
_tAlgunas ideas acerca de la comunicación con las masas. --
_tEl frente de la dictadura con respaldo popular.
590 _aInventariado, 2023/MFF
651 4 _aRepública Dominicana
_xPolítica y gobierno
_983440
_y1961-
651 4 _aAmérica Latina
_xPolítica y gobierno
_92618
910 _aValidado. Control de calidad MFF
942 _2ddc
_cLBS1
999 _c53593
_d53593